Canada Country Quiz - Statistics

General Stats
  • This quiz has been taken 132,823 times
    85,577 since last reset
  • The average score is 15 of 22
Answer Stats
Hint Answer % Correct
Capital city Ottawa
97%
Most-populous city Toronto
96%
Most popular spectator sport Ice Hockey
94%
Majority French-speaking province Quebec
93%
Object on the Canadian flag {Maple} Leaf
92%
Prime Minister from 2015–2025 Justin Trudeau
82%
Most populous city of the above Montreal
82%
Most-populous province Ontario
79%
National anthem O Canada
72%
Person who is, officially, the head of state of Canada King Charles III
69%
Smallest province Prince Edward Island
69%
Canadian delicacy of french fries, gravy, and cheese curds Poutine
66%
National animal Beaver
62%
Tallest free-standing structure CN Tower
59%
Country that is the greatest source of foreign-born residents India
58%
Host city of the annual "Stampede" Calgary
56%
Holiday celebrated the second Monday in October Thanksgiving
55%
Largest island Baffin Island
47%
Bird that appears on Canada's one dollar coin Loon
44%
Slang term for a Canadian Canuck
43%
Oldest national park Banff
42%
Viking settlement established around 1000 A.D. {Vin}land
30%
No matching quizzes found
Score Distribution
Percent of People with Each Score
Percentile by Number Answered
Your Score History
You have not taken this quiz since the last reset